[Event "31è Open International d'Avoine 2016"]
[Site "Avoine"]
[Date "2016.07.23"]
[Round "7.16"]
[White "Migot, Tangi"]
[Black "Nguyen, Vincent"]
[Result "1-0"]
[WhiteElo "2381"]
[BlackElo "2090"]
[PlyCount "89"]
[EventDate "2016.??.??"]

1. e4 c5 2. Nf3 e6 3. d4 cxd4 4. Nxd4 Nc6 5. Nc3 Qc7 6. Be3 a6 7. Qf3 b5 8. Qg3
Qxg3 9. hxg3 Bb7 10. f3 Be7 11. g4 Bf6 12. Nb3 d6 13. O-O-O Rd8 14. g5 Bxc3 15.
bxc3 Nge7 16. Bb6 Rd7 17. Be2 Nc8 18. Be3 Rc7 19. Rh2 Ne5 20. Bd4 Ne7 21. Na5
N7c6 22. Nxc6 Bxc6 23. Rdh1 Ke7 24. Rxh7 Rxh7 25. Rxh7 g6 26. Rh8 Bb7 27. Kb2
Nd7 28. Bd3 e5 29. Be3 Nc5 30. Bd2 d5 31. exd5 Bxd5 32. Be1 Na4+ 33. Ka1 Nxc3
34. Bg3 Nxa2 35. Bxe5 Rd7 36. Bg7 Nc1 37. Bf1 Bc4 38. Bf6+ Ke6 39. Re8+ Kd5 40.
Bxc4+ Kxc4 41. Re4+ Kc5 42. Re1 Rd2 43. Rxc1 Rxg2 44. Kb2 Rf2 45. Re1 1-0

[Event "31è Open International d'Avoine 2016"]
[Site "Avoine"]
[Date "2016.07.23"]
[Round "7.17"]
[White "Deslandes, Pascal"]
[Black "Ben-Abed, Mehdi"]
[Result "1-0"]
[WhiteElo "2302"]
[BlackElo "2086"]
[PlyCount "85"]
[EventDate "2016.??.??"]

1. e4 c5 2. c3 d5 3. exd5 Qxd5 4. d4 Nf6 5. Nf3 Bg4 6. Be2 e6 7. O-O Nc6 8. h3
Bh5 9. Be3 cxd4 10. cxd4 Be7 11. Nc3 Qd6 12. Qb3 O-O 13. Rfd1 Nb4 14. Bg5 Nbd5
15. g4 Bg6 16. Ne5 Nxc3 17. bxc3 Nd5 18. Bd2 Bf6 19. Nxg6 hxg6 20. Qxb7 Rfb8
21. Qa6 Rb6 22. Qd3 Nf4 23. Bxf4 Qxf4 24. Rab1 Rab8 25. Rxb6 Rxb6 26. Qe3 Qb8
27. Bc4 Rb2 28. Bb3 Bh4 29. Rd2 Rb1+ 30. Kg2 Qb7+ 31. d5 a5 32. Qf3 a4 33. Bxa4
Qa6 34. Bd1 exd5 35. Qxd5 Rc1 36. Be2 Qa7 37. Qd4 Qb7+ 38. Bf3 Qb1 39. Bd1 Bg5
40. Rd3 Qxa2 41. Qc5 Qa8+ 42. Bf3 Qa1 43. Qxg5 1-0

[Event "31è Open International d'Avoine 2016"]
[Site "Avoine"]
[Date "2016.07.23"]
[Round "7.18"]
[White "Eden, James"]
[Black "Coiffait, Pierre-Basile"]
[Result "1/2-1/2"]
[WhiteElo "2293"]
[BlackElo "2057"]
[PlyCount "64"]
[EventDate "2016.??.??"]

1. e4 e5 2. Nf3 Nc6 3. Bc4 Bc5 4. c3 Nf6 5. d3 a6 6. a4 Ba7 7. Na3 O-O 8. Bg5
d6 9. O-O h6 10. Bh4 g5 11. Nxg5 hxg5 12. Bxg5 Kg7 13. Kh1 Rh8 14. Qf3 Kg6 15.
h4 Bg4 16. Qg3 Nxe4 17. Qxg4 Qxg5 18. Qxe4+ f5 19. Kg1 Rxh4 20. Qd5 Rf8 21. d4
Qh5 22. g3 e4 23. Qe6+ Kg7 24. Qd7+ Kh8 25. gxh4 Qg4+ 26. Kh2 Qxh4+ 27. Kg2
Qg5+ 28. Kh2 Qh5+ 29. Kg2 Qf3+ 30. Kh2 Qf4+ 31. Kg2 Qf3+ 32. Kh2 Qf4+ 1/2-1/2

[Event "31è Open International d'Avoine 2016"]
[Site "Avoine"]
[Date "2016.07.23"]
[Round "7.19"]
[White "Mancini, Mario"]
[Black "Lemasle, Raphael"]
[Result "0-1"]
[WhiteElo "2278"]
[BlackElo "2055"]
[PlyCount "100"]
[EventDate "2016.??.??"]

1. d4 Nf6 2. c4 g6 3. g3 Bg7 4. Bg2 O-O 5. Nc3 d6 6. Nf3 Nbd7 7. O-O e5 8. e4
exd4 9. Nxd4 Re8 10. h3 a6 11. a4 Ne5 12. b3 Nfd7 13. f4 Nc6 14. Be3 Nxd4 15.
Bxd4 Nc5 16. Bxg7 Kxg7 17. b4 Nd7 18. Kh2 a5 19. b5 Rb8 20. Nd5 b6 21. Qd4+ f6
22. Rae1 Bb7 23. Nc3 Re7 24. Re3 Qg8 25. Rfe1 Rbe8 26. h4 Qf7 27. R1e2 Ba8 28.
g4 h6 29. Kg3 Kh7 30. Bf3 Qg7 31. Kf2 g5 32. f5 gxh4 33. Re1 Qg5 34. Rg1 Ne5
35. Be2 Rg8 36. Nd5 Bxd5 37. exd5 h5 38. Kf1 Reg7 39. Rh3 hxg4 40. Rh2 Rh8 41.
Qe4 Kg8 42. Rhh1 Qc1+ 43. Kf2 Qd2 44. Rd1 Qc3 45. Rdg1 Qd2 46. Rd1 Qb4 47. Rdg1
Qc5+ 48. Kf1 g3 49. Qf4 Kf8 50. Rh3 g2+ 0-1

[Event "31è Open International d'Avoine 2016"]
[Site "Avoine"]
[Date "2016.07.23"]
[Round "7.20"]
[White "Caloone, Thomas"]
[Black "Giacomini, Hector"]
[Result "0-1"]
[WhiteElo "2029"]
[BlackElo "2239"]
[PlyCount "62"]
[EventDate "2016.??.??"]

1. e4 c6 2. d4 d5 3. Nc3 dxe4 4. Nxe4 Bf5 5. Ng3 Bg6 6. Nf3 Nd7 7. Bd3 Ngf6 8.
Bxg6 hxg6 9. Bg5 e6 10. Ne5 Bd6 11. f4 Qc7 12. Qe2 c5 13. Bxf6 gxf6 14. Nxd7
Qxd7 15. Ne4 Ke7 16. Nxc5 Qc7 17. g3 Bxc5 18. dxc5 Rad8 19. Qf2 Rh5 20. O-O
Rxc5 21. Rad1 Rxc2 22. Qxa7 Rxd1 23. Rxd1 Kf8 24. Qe3 Qc6 25. Rd2 Rc1+ 26. Kf2
Qh1 27. Qa3+ Kg7 28. Ke3 Qg1+ 29. Kf3 f5 30. Qe3 Rf1+ 31. Rf2 Qh1+ 0-1

[Event "31è Open International d'Avoine 2016"]
[Site "Avoine"]
[Date "2016.07.23"]
[Round "7.21"]
[White "Ravot, Sylvain"]
[Black "Bourgois, Bastien"]
[Result "1-0"]
[WhiteElo "2231"]
[BlackElo "2042"]
[PlyCount "71"]
[EventDate "2016.??.??"]

1. e4 c5 2. Nf3 Nc6 3. Bb5 e5 4. O-O Nge7 5. Bc4 Ng6 6. c3 Be7 7. d4 d6 8. h3
O-O 9. Bb3 Kh8 10. Be3 f5 11. exf5 Bxf5 12. d5 Na5 13. Bc2 Qd7 14. Bxf5 Qxf5
15. Qa4 b6 16. Nbd2 Qd3 17. Qe4 Qxe4 18. Nxe4 Nc4 19. b3 Nxe3 20. fxe3 b5 21.
g3 Rf5 22. Nfd2 Raf8 23. Rxf5 Rxf5 24. Kg2 a6 25. a4 Rf8 26. axb5 axb5 27. Ra6
Kg8 28. Nxd6 Bxd6 29. Rxd6 Ra8 30. Kf3 Ne7 31. Ke4 Ra2 32. Nf3 Rb2 33. Rd8+ Kf7
34. Nxe5+ Kf6 35. Rd6+ Kg5 36. Nf3+ 1-0

[Event "31è Open International d'Avoine 2016"]
[Site "Avoine"]
[Date "2016.07.23"]
[Round "7.23"]
[White "Maloberti, David"]
[Black "Meunier-Pion, Jean"]
[Result "0-1"]
[WhiteElo "2029"]
[BlackElo "2211"]
[PlyCount "82"]
[EventDate "2016.??.??"]

1. d4 Nf6 2. c4 g6 3. Nc3 Bg7 4. e4 d6 5. Nf3 O-O 6. Be2 e5 7. O-O Nc6 8. d5
Ne7 9. Ne1 Nd7 10. Be3 f5 11. f3 f4 12. Bf2 g5 13. Nd3 Nf6 14. Rc1 Rf7 15. c5
Ng6 16. a4 h5 17. h3 Bf8 18. a5 Rg7 19. b4 a6 20. cxd6 cxd6 21. Bb6 Qe8 22. Nf2
Nh4 23. b5 Qg6 24. bxa6 bxa6 25. Na2 g4 26. fxg4 hxg4 27. Bxg4 Bxg4 28. Nxg4
Nxg4 29. hxg4 Qxe4 30. Rf2 Be7 31. Nc3 Qg6 32. Kf1 Rf8 33. Qe2 Bg5 34. Rd1 f3
35. gxf3 Nxf3 36. Rd3 Nh2+ 37. Kg2 Rxf2+ 38. Bxf2 Nxg4 39. Rg3 Nxf2 40. Qxf2
Bh4 41. Rxg6 Rxg6+ 0-1

[Event "31è Open International d'Avoine 2016"]
[Site "Avoine"]
[Date "2016.07.23"]
[Round "7.24"]
[White "Sally, Paul-Adrien"]
[Black "Eugene, Floryan"]
[Result "1-0"]
[WhiteElo "2007"]
[BlackElo "2199"]
[PlyCount "111"]
[EventDate "2016.??.??"]

1. d4 Nf6 2. Nf3 g6 3. Bf4 Bg7 4. e3 O-O 5. h3 d6 6. Be2 c6 7. c3 Nbd7 8. O-O
Nd5 9. Bh2 e5 10. Nbd2 Qe7 11. Nc4 Rd8 12. Qc2 N7b6 13. dxe5 Nxc4 14. Bxc4 dxe5
15. Rfd1 e4 16. Nd4 Nb6 17. Be2 Be5 18. Bxe5 Qxe5 19. Nb3 Be6 20. Rxd8+ Rxd8
21. Rd1 Rd5 22. Rd4 f5 23. Rxd5 Qxd5 24. Kf1 a5 25. Ke1 a4 26. Nc1 Kf7 27. h4
Qe5 28. g3 a3 29. bxa3 Qa5 30. Qb2 Nd5 31. Qxb7+ Kf6 32. Qb2 Qxc3+ 33. Qxc3+
Nxc3 34. Kd2 Nb1+ 35. Kc2 Nxa3+ 36. Kb2 Nc4+ 37. Bxc4 Bxc4 38. Kc3 Bd5 39. Kd4
Ke6 40. Kc5 h6 41. a4 g5 42. Ne2 Kd7 43. Nd4 f4 44. a5 fxg3 45. fxg3 gxh4 46.
gxh4 Kc7 47. Nf5 Kb7 48. Nxh6 Ka6 49. Nf5 Kxa5 50. Ne7 Bf7 51. Nxc6+ Ka6 52.
Nd8 Bh5 53. Ne6 Kb7 54. Kd6 Kb6 55. Nf4 Bf3 56. h5 1-0

[Event "31è Open International d'Avoine 2016"]
[Site "Avoine"]
[Date "2016.07.23"]
[Round "7.25"]
[White "Ginovart, Axel"]
[Black "Lukasiewicz, Krzysztof"]
[Result "1/2-1/2"]
[WhiteElo "2179"]
[BlackElo "2002"]
[PlyCount "124"]
[EventDate "2016.??.??"]

1. e4 c6 2. d4 d5 3. Nc3 dxe4 4. Nxe4 Nd7 5. Ne2 Ngf6 6. N2c3 g6 7. Qe2 Qc7 8.
g3 Nxe4 9. Nxe4 Bg7 10. c3 O-O 11. Bg2 e5 12. dxe5 Nxe5 13. Bf4 h6 14. O-O g5
15. Bxe5 Qxe5 16. Rfe1 Be6 17. Qh5 Qc7 18. h4 gxh4 19. Qxh4 Kh8 20. Nc5 Qb6 21.
Nxe6 fxe6 22. Re2 Rad8 23. Rf1 Rf6 24. Bh3 e5 25. Qh5 Rdf8 26. Qg4 Rd6 27. Qc4
Rg6 28. Qd3 Rgf6 29. Bg2 Rd8 30. Qc2 Rfd6 31. Be4 Qc7 32. Kg2 Qe7 33. Qb3 R6d7
34. Qa4 Qc5 35. Qc2 Qb5 36. a4 Qc5 37. Rb1 Bf6 38. b4 Qc4 39. b5 c5 40. Bf5 Rd6
41. Qe4 Qxe4+ 42. Bxe4 b6 43. c4 Rd2 44. Kf3 Bg5 45. Rb2 Rxb2 46. Rxb2 Rd4 47.
Bd5 Kg7 48. Ke2 e4 49. Ra2 Bd8 50. Ra3 Kg6 51. f4 Kf5 52. Rc3 h5 53. Bb7 h4 54.
Bc8+ Kg6 55. g4 Bc7 56. Ke3 h3 57. Bf5+ Kf6 58. Bxe4 Rd1 59. g5+ Kg7 60. Ke2
Rd4 61. Ke3 Rd1 62. Ke2 Rd4 1/2-1/2

[Event "31è Open International d'Avoine 2016"]
[Site "Avoine"]
[Date "2016.07.23"]
[Round "7.26"]
[White "Sauvaget, Franck"]
[Black "Rubino, William"]
[Result "1-0"]
[WhiteElo "2002"]
[BlackElo "2173"]
[PlyCount "97"]
[EventDate "2016.??.??"]

1. c4 e6 2. Nf3 d5 3. g3 dxc4 4. Bg2 Bd6 5. Na3 c5 6. Nxc4 Bc7 7. b3 Nd7 8. Bb2
Ngf6 9. O-O O-O 10. d4 Rb8 11. dxc5 Nxc5 12. Qc2 b6 13. Ng5 g6 14. Qc3 h6 15.
Qxf6 Qxf6 16. Bxf6 hxg5 17. Bxg5 f6 18. Be3 Ba6 19. Rfd1 Rfd8 20. h4 Na4 21.
Rxd8+ Rxd8 22. Rc1 Nc5 23. b4 Nd7 24. a4 Ne5 25. b5 Bc8 26. Bf4 Bb8 27. Nxe5
fxe5 28. Bg5 Rf8 29. Rd1 Bc7 30. Bc6 Kg7 31. Kg2 Rf7 32. Rd3 Rf5 33. Bc1 Kg8
34. Be4 Rf6 35. Bg5 Rf7 36. Bxg6 Bb7+ 37. Kg1 Rg7 38. h5 e4 39. Rd1 Bd5 40. Bf6
Rd7 41. g4 e3 42. fxe3 Bd6 43. Rc1 Bc5 44. Rc3 Bb7 45. h6 Rd1+ 46. Kf2 Rh1 47.
h7+ Rxh7 48. Bxh7+ Kxh7 49. Bd4 1-0

[Event "31è Open International d'Avoine 2016"]
[Site "Avoine"]
[Date "2016.07.23"]
[Round "7.27"]
[White "Lapeyre, Pierre"]
[Black "Malassagne, Raphael"]
[Result "1/2-1/2"]
[WhiteElo "1966"]
[BlackElo "2163"]
[PlyCount "80"]
[EventDate "2016.??.??"]

1. f4 d5 2. Nf3 Nf6 3. g3 g6 4. Bg2 Bg7 5. d3 b6 6. O-O Bb7 7. h3 O-O 8. Qe1 c5
9. c3 Re8 10. g4 Nbd7 11. Qh4 e6 12. Na3 Qc7 13. Bd2 a6 14. Nc2 e5 15. fxe5
Nxe5 16. Bf4 Nxf3+ 17. Rxf3 Qc6 18. Rf2 Qe6 19. Raf1 Nd7 20. d4 f6 21. Qg3 Bc6
22. Bf3 a5 23. Qg2 g5 24. Bc1 Rad8 25. Ne3 Nf8 26. Nf5 Ng6 27. e3 Bb5 28. Rd1
c4 29. Re1 Qf7 30. Rfe2 Ba6 31. e4 Bc8 32. exd5 Bxf5 33. gxf5 Nh4 34. Rxe8+
Rxe8 35. Rxe8+ Qxe8 36. Qe2 Nxf3+ 37. Qxf3 Qe1+ 38. Qf1 Qg3+ 39. Qg2 Qe1+ 40.
Qf1 Qg3+ 1/2-1/2

[Event "31è Open International d'Avoine 2016"]
[Site "Avoine"]
[Date "2016.07.23"]
[Round "7.28"]
[White "Collinet, Nicolas"]
[Black "Kassis, Antoine"]
[Result "1/2-1/2"]
[WhiteElo "1959"]
[BlackElo "2148"]
[PlyCount "43"]
[EventDate "2016.??.??"]

1. d4 Nf6 2. c4 Nc6 3. Nc3 e5 4. d5 Ne7 5. e4 Ng6 6. a3 Bc5 7. Be2 Bd4 8. Nb5
Bb6 9. Qc2 d6 10. Nf3 a6 11. Nc3 O-O 12. g3 Ng4 13. O-O f5 14. exf5 Rxf5 15.
Kg2 Rxf3 16. Bxf3 Nh4+ 17. gxh4 Qxh4 18. Bxg4 Qxg4+ 19. Kh1 Qf3+ 20. Kg1 Qg4+
21. Kh1 Qf3+ 22. Kg1 1/2-1/2

[Event "31è Open International d'Avoine 2016"]
[Site "Avoine"]
[Date "2016.07.23"]
[Round "7.29"]
[White "Ronce, Nathan"]
[Black "Dupont, Victor"]
[Result "1/2-1/2"]
[WhiteElo "2122"]
[BlackElo "1888"]
[PlyCount "84"]
[EventDate "2016.??.??"]

1. d4 d5 2. Bg5 Nf6 3. Bxf6 exf6 4. e3 Bf5 5. c4 Bxb1 6. Qa4+ Nc6 7. Rxb1 Bb4+
8. Kd1 dxc4 9. Bxc4 O-O 10. Nf3 a6 11. Bd3 Qd7 12. Be4 Bd6 13. Rc1 Qg4 14. Bxc6
bxc6 15. Rg1 Bxh2 16. Rh1 Qxg2 17. Ke2 Bg3 18. Rcf1 Bxf2 19. Rh2 Qg6 20. Kxf2
Qe4 21. Rh4 Qe6 22. Qc2 h6 23. b3 Rfe8 24. e4 a5 25. Rc1 Qd6 26. Qxc6 Qa3 27.
Rc2 a4 28. Nd2 axb3 29. Nxb3 f5 30. e5 Qe7 31. Rh3 Ra3 32. Rg3 f4 33. Rg4 h5
34. Rxf4 Rea8 35. Qxc7 Qe6 36. Nc1 Qg6 37. Rc3 Rxa2+ 38. Nxa2 Rxa2+ 39. Ke3
Qg3+ 40. Rf3 Qe1+ 41. Kf4 Qh4+ 42. Ke3 Qe1+ 1/2-1/2

[Event "31è Open International d'Avoine 2016"]
[Site "Avoine"]
[Date "2016.07.23"]
[Round "7.30"]
[White "Aubert, Laurane"]
[Black "Daeschler, Florian"]
[Result "0-1"]
[WhiteElo "1958"]
[BlackElo "2099"]
[PlyCount "137"]
[EventDate "2016.??.??"]

1. e4 c5 2. Nc3 d6 3. f4 g6 4. Nf3 Bg7 5. Bc4 Nc6 6. O-O Nf6 7. d3 O-O 8. f5
gxf5 9. Qe1 Nd4 10. Nxd4 cxd4 11. Ne2 fxe4 12. dxe4 Qc7 13. Bd3 Qc5 14. Nf4 e5
15. Nh3 Ng4 16. Rf3 f6 17. Nf2 Nxf2 18. Qxf2 Be6 19. Bd2 Rf7 20. a3 Raf8 21.
Rf1 a5 22. Qg3 b6 23. Bh6 Qc7 24. h3 Qe7 25. Kh1 Kh8 26. Bd2 Qd7 27. Qf2 f5 28.
exf5 Bd5 29. Rg3 e4 30. Rxg7 Rxg7 31. Qxd4 exd3 32. Qxd5 Qb7 33. Qxb7 Rxb7 34.
cxd3 Kg8 35. g4 Re8 36. Kg2 Kf7 37. Kf3 Rc7 38. Bc3 d5 39. Rf2 Rc6 40. Kf4 a4
41. g5 d4 42. Bxd4 Rd6 43. Bc3 Rxd3 44. Rf3 Rd1 45. h4 Rh1 46. Kg3 Re4 47. g6+
hxg6 48. fxg6+ Kxg6 49. Rf6+ Kh7 50. Rxb6 Rhxh4 51. Rb8 Kg6 52. Rb6+ Kf7 53.
Ra6 Rhg4+ 54. Kf3 Rgf4+ 55. Kg3 Rf5 56. Rb6 Re8 57. Rb7+ Ke6 58. Rg7 Kd5 59.
Rg4 Re4 60. Rg8 Kc4 61. Rb8 Kd3 62. Bh8 Ke2 63. Rc8 Rf3+ 64. Kg2 Rg4+ 65. Kh2
Rf7 66. Kh3 Rg6 67. Rc4 Rh7+ 68. Rh4 Rxh4+ 69. Kxh4 0-1

[Event "31è Open International d'Avoine 2016"]
[Site "Avoine"]
[Date "2016.07.23"]
[Round "7.31"]
[White "Viers, Emmanuel"]
[Black "Djidjeli, Sofiane"]
[Result "1-0"]
[WhiteElo "2095"]
[BlackElo "1930"]
[PlyCount "80"]
[EventDate "2016.??.??"]

1. Nf3 d5 2. g3 Nf6 3. Bg2 Bf5 4. O-O e6 5. d4 Bd6 6. c4 c6 7. Nc3 O-O 8. Nh4
Bg6 9. Nxg6 hxg6 10. cxd5 exd5 11. Rb1 a5 12. Bg5 Be7 13. Qb3 Ra7 14. Rbd1 Nbd7
15. Rfe1 Re8 16. Qc2 Nf8 17. e4 Nxe4 18. Nxe4 dxe4 19. Qxe4 Ne6 20. Be3 Ra8 21.
d5 cxd5 22. Rxd5 Qb8 23. Rb5 Nd8 24. Qc4 Bf8 25. Rc1 Qe5 26. Rxe5 Rxe5 27. Bd4
Re7 28. Bc3 Ne6 29. a3 Rc7 30. Qe2 Rac8 31. Rd1 Bxa3 32. Bh3 Re7 33. Qe5 Rc5
34. Qb8+ Kh7 35. Bxe6 Rxe6 36. Qxb7 Rcc6 37. Qxf7 Re7 38. Qf3 Rec7 39. Be5 Bxb2
40. Bxb2 a4 1-0

[Event "31è Open International d'Avoine 2016"]
[Site "Avoine"]
[Date "2016.07.23"]
[Round "7.32"]
[White "Merenciano, Alexandre"]
[Black "Patarin, Arnaud"]
[Result "1/2-1/2"]
[WhiteElo "2189"]
[BlackElo "1775"]
[PlyCount "84"]
[EventDate "2016.??.??"]

1. e4 c5 2. Nf3 a6 3. g3 g6 4. d4 cxd4 5. Qxd4 Nf6 6. Nc3 Nc6 7. Qd3 d6 8. h3
Bg7 9. Bg2 O-O 10. O-O h6 11. Be3 Be6 12. Qd2 Kh7 13. Nd4 Nxd4 14. Bxd4 Rc8 15.
Rfd1 Qc7 16. Qe3 Nd7 17. Bxg7 Kxg7 18. Rac1 Qc5 19. Qxc5 Rxc5 20. f4 b5 21. a3
Rfc8 22. Rd4 Nb6 23. g4 Rc4 24. Rcd1 Rxd4 25. Rxd4 Rc4 26. Rd1 f5 27. Bf1 Rc8
28. gxf5 gxf5 29. Re1 Kf6 30. Bd3 fxe4 31. Nxe4+ Kf7 32. f5 Bc4 33. Nc3 Bxd3
34. cxd3 Rc5 35. Rf1 Na4 36. Ne4 Rd5 37. f6 e5 38. Rf3 Nxb2 39. Rg3 Rxd3 40.
Rg7+ Kf8 41. Rh7 Nc4 42. Rh8+ Kf7 1/2-1/2

[Event "31è Open International d'Avoine 2016"]
[Site "Avoine"]
[Date "2016.07.23"]
[Round "7.33"]
[White "Kempinski, Andre"]
[Black "Ollier, Pablo"]
[Result "0-1"]
[WhiteElo "1919"]
[BlackElo "2362"]
[PlyCount "48"]
[EventDate "2016.??.??"]

1. e4 e5 2. Nf3 Nc6 3. Bb5 a6 4. Ba4 d6 5. c3 f5 6. d3 Nf6 7. Nbd2 Be7 8. b4
O-O 9. Bb3+ Kh8 10. Ng5 d5 11. h4 fxe4 12. dxe4 Ng4 13. Ndf3 dxe4 14. Qxd8 Nxd8
15. Nxe4 Bf5 16. Nfd2 a5 17. bxa5 Nc6 18. Ke2 Nxa5 19. Bc2 Nxf2 20. Nxf2 Bxc2
21. Bb2 Rf4 22. g3 Ra4 23. Rhc1 Bg6 24. c4 Nc6 0-1

[Event "31è Open International d'Avoine 2016"]
[Site "Avoine"]
[Date "2016.07.23"]
[Round "7.34"]
[White "Lombart, Philippe"]
[Black "Shirazi, Kamran"]
[Result "0-1"]
[WhiteElo "1891"]
[BlackElo "2350"]
[PlyCount "134"]
[EventDate "2016.??.??"]

1. d4 Nf6 2. c4 a6 3. Nc3 c5 4. e3 d5 5. Nf3 e6 6. cxd5 exd5 7. Be2 Nc6 8. O-O
Be6 9. a3 c4 10. b4 Bd6 11. Ne1 b5 12. Bf3 h5 13. g3 h4 14. e4 dxe4 15. Nxe4
Nxe4 16. Bxe4 Ne7 17. Qf3 Rb8 18. Ng2 hxg3 19. fxg3 f5 20. Bc6+ Nxc6 21. Qxc6+
Qd7 22. Qxd7+ Kxd7 23. Bf4 g6 24. Rad1 Bd5 25. Be5 Rhg8 26. Rfe1 Be4 27. Nf4
Ra8 28. Ne2 Rgd8 29. Bxd6 Kxd6 30. Nc3 Bf3 31. Rd2 Re8 32. Rxe8 Rxe8 33. Kf2
Bc6 34. Re2 Rh8 35. Ke3 g5 36. Rf2 Bd7 37. Kd2 Rh3 38. Kc2 Be8 39. Kd2 Bg6 40.
a4 bxa4 41. Nxa4 f4 42. gxf4 c3+ 43. Nxc3 Rd3+ 44. Ke2 Rxc3 45. fxg5 Ke7 46.
Rf6 Be8 47. Kd2 Ra3 48. h4 Bb5 49. Rf4 Rg3 50. Ke1 Rg2 51. d5 Kd6 52. Rf6+ Kxd5
53. g6 Ke5 54. Rb6 Kf5 55. h5 Kg5 56. Rb8 Re2+ 57. Kd1 Re7 58. Rh8 Be2+ 59. Kd2
Bxh5 60. Rh7 Re2+ 61. Kc3 Bxg6 62. Ra7 Re6 63. Kc4 Be8 64. Kd5 Rf6 65. Re7 Bb5
66. Re5+ Kg6 67. Re3 Rf4 0-1

[Event "31è Open International d'Avoine 2016"]
[Site "Avoine"]
[Date "2016.07.23"]
[Round "7.35"]
[White "Grateau, Jean-Noel"]
[Black "Frick, Christoph"]
[Result "1/2-1/2"]
[WhiteElo "1888"]
[BlackElo "2245"]
[PlyCount "55"]
[EventDate "2016.??.??"]

1. e4 c6 2. c4 d5 3. cxd5 cxd5 4. exd5 Nf6 5. Qa4+ Nbd7 6. Nc3 g6 7. Nf3 Bg7 8.
Bc4 O-O 9. Qb3 Nb6 10. d3 Nxc4 11. dxc4 e6 12. O-O exd5 13. Nxd5 Nxd5 14. cxd5
b6 15. Bg5 Qd7 16. Rfe1 Bb7 17. Rad1 Rfe8 18. Rxe8+ Rxe8 19. Be3 Rd8 20. d6
Bxf3 21. gxf3 Be5 22. Kg2 Qf5 23. Qb4 Rd7 24. h3 Qf6 25. Qa4 Qe6 26. b3 h5 27.
Qc6 Kh7 28. Qa8 1/2-1/2

[Event "31è Open International d'Avoine 2016"]
[Site "Avoine"]
[Date "2016.07.23"]
[Round "7.36"]
[White "Duval, Claire"]
[Black "Travadon, Loic"]
[Result "1/2-1/2"]
[WhiteElo "1869"]
[BlackElo "2218"]
[PlyCount "80"]
[EventDate "2016.??.??"]

1. d4 Nf6 2. c4 d6 3. Nc3 e5 4. e4 exd4 5. Qxd4 Nc6 6. Qd1 g6 7. Bg5 Bg7 8.
Nge2 h6 9. Bc1 O-O 10. Ng3 Re8 11. Be2 h5 12. Bg5 Qd7 13. f3 Nh7 14. Be3 f5 15.
O-O f4 16. Bxf4 Bd4+ 17. Kh1 Bxc3 18. bxc3 h4 19. c5 dxc5 20. Bc4+ Kg7 21.
Qxd7+ Bxd7 22. Ne2 Ne5 23. Bxe5+ Rxe5 24. Rad1 Rd8 25. Nf4 b6 26. Rd2 Nf8 27.
Rfd1 Ree8 28. Bb5 Re7 29. Bxd7 Rdxd7 30. Rxd7 Rxd7 31. Rxd7+ Nxd7 32. Ne6+ Kf6
33. Nxc7 Ne5 34. Kg1 Nd3 35. a3 Nb2 36. Nb5 Nc4 37. Kf2 Ke5 38. Ke2 a6 39. Nc7
a5 40. Nb5 a4 1/2-1/2

[Event "31è Open International d'Avoine 2016"]
[Site "Avoine"]
[Date "2016.07.23"]
[Round "7.37"]
[White "Lukasiewicz, Grzegorz"]
[Black "Forget, Cyril"]
[Result "0-1"]
[WhiteElo "2211"]
[BlackElo "1886"]
[PlyCount "80"]
[EventDate "2016.??.??"]

1. d4 Nf6 2. Nf3 e6 3. g3 c5 4. Bg2 d5 5. c4 Nc6 6. O-O Be7 7. dxc5 Bxc5 8. a3
O-O 9. b4 Be7 10. Bb2 a6 11. Qc2 Bd7 12. Nbd2 Rc8 13. Rfd1 Qe8 14. Qc3 Na7 15.
Ng5 g6 16. Qd4 Nc6 17. Qh4 h5 18. cxd5 exd5 19. Qf4 Qd8 20. e4 Ng4 21. h4 f6
22. Nh3 g5 23. Qf3 d4 24. Qb3+ Kh7 25. Nf3 Nce5 26. Nxd4 Qb6 27. f3 Nh6 28.
hxg5 fxg5 29. Nf2 Nc4 30. Bc3 Ne3 31. Rd3 Nxg2 32. Kxg2 h4 33. g4 Qc7 34. e5
Qxe5 35. Re1 Qg3+ 36. Kf1 Bd6 37. Ne2 Qh2 38. Qd5 Nxg4 39. Qe4+ Bf5 40. Qd4 Rc7
0-1

[Event "31è Open International d'Avoine 2016"]
[Site "Avoine"]
[Date "2016.07.23"]
[Round "7.38"]
[White "Francez, Theo"]
[Black "Gerard, Nicolas"]
[Result "1/2-1/2"]
[WhiteElo "1849"]
[BlackElo "2192"]
[PlyCount "81"]
[EventDate "2016.??.??"]

1. Nf3 d5 2. d4 Nf6 3. g3 g6 4. Bg2 Bg7 5. O-O O-O 6. c4 dxc4 7. Na3 Nc6 8.
Nxc4 Be6 9. b3 Bd5 10. Bb2 h6 11. Ne3 Be4 12. Rc1 Nd5 13. Nxd5 Bxd5 14. Ne5
Bxg2 15. Kxg2 Nxe5 16. dxe5 c6 17. Qxd8 Rfxd8 18. Rfd1 e6 19. e4 Bf8 20. Kf3
Bb4 21. Ke2 Kf8 22. Bd4 Ke8 23. g4 Ba3 24. Rc3 Bb2 25. Rcd3 Bxd4 26. Rxd4 Rxd4
27. Rxd4 Rd8 28. Ke3 Rxd4 29. Kxd4 g5 30. b4 Kd7 31. Kc5 Kc7 32. a4 b6+ 33. Kc4
a5 34. bxa5 bxa5 35. Kc5 Kb7 36. Kc4 Kb6 37. Kd4 c5+ 38. Kc4 Kc6 39. Kc3 Kb6
40. Kc4 Kc6 41. Kc3 1/2-1/2

[Event "31è Open International d'Avoine 2016"]
[Site "Avoine"]
[Date "2016.07.23"]
[Round "7.39"]
[White "Trouve, Guillaume"]
[Black "Mattheys, Eddy"]
[Result "1-0"]
[WhiteElo "2142"]
[BlackElo "1858"]
[PlyCount "123"]
[EventDate "2016.??.??"]

1. e4 e6 2. d4 d5 3. Nd2 dxe4 4. Nxe4 Nd7 5. Nf3 Ngf6 6. Nxf6+ Nxf6 7. c3 c5 8.
Ne5 a6 9. Be3 cxd4 10. Bxd4 Be7 11. Bd3 O-O 12. O-O Bd7 13. Qc2 Qc7 14. Nxd7
Qxd7 15. Bxf6 Bxf6 16. Bxh7+ Kh8 17. Be4 Rad8 18. Rad1 Qc7 19. Qe2 g6 20. Qf3
Kg7 21. g3 b6 22. h4 Qc5 23. Kg2 Be7 24. Rh1 Rxd1 25. Rxd1 Rd8 26. Rxd8 Bxd8
27. Qd3 Qc8 28. Qd4+ Kg8 29. h5 gxh5 30. Bf3 Qc7 31. Bxh5 Be7 32. Qg4+ Kf8 33.
Qf3 Bc5 34. Qa8+ Kg7 35. Qxa6 e5 36. Qe2 f5 37. Qd3 Kf6 38. Qd5 e4 39. g4 Qf4
40. Qxf5+ Qxf5 41. gxf5 Kxf5 42. Kf1 Kf4 43. Ke2 Be7 44. Bg6 Bf6 45. a4 Ke5 46.
f3 exf3+ 47. Kxf3 Kd5 48. Ke3 Kc4 49. Bf7+ Kc5 50. Kd3 Bh4 51. b4+ Kd6 52. Kc4
Bf2 53. Kb5 Kc7 54. Bd5 Be3 55. c4 Kb8 56. a5 bxa5 57. Kxa5 Kc7 58. c5 Bd2 59.
Kb5 Be1 60. Kc4 Bd2 61. b5 Ba5 62. Bf3 1-0

[Event "31è Open International d'Avoine 2016"]
[Site "Avoine"]
[Date "2016.07.23"]
[Round "7.40"]
[White "Veysseyre, Robin"]
[Black "Rodriguez Rodriguez, Antonio"]
[Result "0-1"]
[WhiteElo "1838"]
[BlackElo "2141"]
[PlyCount "59"]
[EventDate "2016.??.??"]

1. e4 Nc6 2. Nf3 d6 3. d4 Nf6 4. Nc3 Bg4 5. Be2 e6 6. O-O a6 7. d5 exd5 8. exd5
Bxf3 9. Bxf3 Ne5 10. Re1 Be7 11. Bf4 Ng6 12. Bg3 O-O 13. h3 Nd7 14. a4 f5 15.
Ne2 Bf6 16. Rb1 Be5 17. Nd4 Bxd4 18. Qxd4 f4 19. Bh2 Nde5 20. Be4 Qf6 21. Qc3
Rf7 22. b4 Nh4 23. Kh1 Qh6 24. b5 axb5 25. axb5 Re8 26. Rb3 f3 27. Bxf3 Rxf3
28. gxf3 Nhxf3 29. Re3 Qxh3 30. Re4 0-1

[Event "31è Open International d'Avoine 2016"]
[Site "Avoine"]
[Date "2016.07.23"]
[Round "7.41"]
[White "Malassagne, Isabelle"]
[Black "Gely, Yann"]
[Result "1-0"]
[WhiteElo "2140"]
[BlackElo "1832"]
[PlyCount "45"]
[EventDate "2016.??.??"]

1. d4 Nf6 2. c4 c5 3. d5 e6 4. Nc3 exd5 5. cxd5 d6 6. e4 g6 7. f4 Bg7 8. Nf3
O-O 9. Be2 Re8 10. e5 dxe5 11. fxe5 Ng4 12. e6 fxe6 13. d6 Nc6 14. O-O Nd4 15.
Ne4 Nf6 16. Bg5 Nxe2+ 17. Qxe2 h6 18. Bxf6 Bxf6 19. Nxf6+ Qxf6 20. Ne5 Qg7 21.
Rf7 Qxf7 22. Nxf7 Kxf7 23. Rf1+ 1-0

[Event "31è Open International d'Avoine 2016"]
[Site "Avoine"]
[Date "2016.07.23"]
[Round "7.42"]
[White "Nguyen-Cadoret, Nathan"]
[Black "Roussel, Glenn"]
[Result "0-1"]
[WhiteElo "1827"]
[BlackElo "2139"]
[PlyCount "102"]
[EventDate "2016.??.??"]

1. d4 d5 2. c4 dxc4 3. e3 e5 4. Bxc4 exd4 5. Qxd4 Qxd4 6. exd4 Nc6 7. Ne2 Nf6
8. O-O Bd6 9. f3 Bf5 10. Nbc3 Na5 11. Bd5 Nxd5 12. Nxd5 O-O-O 13. Ndc3 Rhe8 14.
Rd1 Nc6 15. Kf2 a6 16. a3 Na5 17. b4 Nc4 18. Ra2 Rd7 19. Ng3 Bg6 20. Re2 Red8
21. Nge4 Be7 22. d5 c6 23. Rd4 Nb6 24. Rc2 Nxd5 25. Nxd5 Rxd5 26. Rxd5 Rxd5 27.
Rd2 Bxe4 28. fxe4 Rxd2+ 29. Bxd2 b5 30. Bc3 f6 31. Kf3 Kd7 32. Bd4 Ke6 33. Bb6
Bd6 34. h3 Be5 35. Bc5 Bb2 36. Bf8 Kf7 37. Bc5 Bxa3 38. Ke3 a5 39. Kd4 Bxb4 40.
Bb6 a4 41. Kd3 Ke6 42. Bd4 Kd6 43. g4 c5 44. Ba1 Be1 45. g5 fxg5 46. Bxg7 c4+
47. Kc2 b4 48. Kd1 Bc3 49. Bh6 a3 50. Kc2 a2 51. Bf8+ Ke6 0-1